Ο βίος του Ιησού

Αποθηκεύτηκε σε:
Λεπτομέρειες βιβλιογραφικής εγγραφής
Κύριος συγγραφέας: Renan, Ernest, 1823-1892
Μορφή: Βιβλίο
Γλώσσα:Greek
French
Δημοσίευση: Εν Αθήναις : Βιβλιοπωλείον Ιωάννου Ν. Σιδέρη, 1936.
Έκδοση:2η έκδ.
Θέματα:
Ετικέτες: Προσθήκη ετικέτας
Δεν υπάρχουν, Καταχωρήστε ετικέτα πρώτοι!

MARC

LEADER 00000cam a2200000 i 4500
001 1/96554
008 081104s1936 gr | ||| |||| ||gre||
035 |l 10101385 
040 |a GR-MyUa  |b gre  |e AACR2 
041 1 |a gre  |h fre 
082 7 |a 232.901   |2 (22) 
100 1 |a Renan, Ernest,   |d 1823-1892. 
245 1 2 |a Ο βίος του Ιησού /   |c Ερνέστου Ρενάν. 
250 |a 2η έκδ. 
260 |a Εν Αθήναις :   |b Βιβλιοπωλείον Ιωάννου Ν. Σιδέρη,   |c 1936. 
300 |a ή, 200 σ. ;   |c 20 εκ. 
500 |a Τίτλος πρωτοτύπου: Vie de Jesus. 
600 0 7 |2 nlgaf  |a Ιησούς Χριστός  |x Biography. 
852 |a INST  |b LESVOS  |e 20081104  |h 232.901 REN  |p 005100043389  |q 005100043389  |t BK  |y 0 
901 |a BIBL1-2008-3 
970 |a Καρά  |b Γιασεμή  |z 04/11/2008